000 00523nam a22002057a 4500
999 _c6666
_d6666
003 OSt
005 20200224150327.0
008 191211b ||||| |||| 00| 0 eng d
020 _a0340857854
040 _cDDC
082 _a150 GRO 2003
100 _aGross,Richard;
_93607
245 _aKey studies Psychology.
250 _a4th .ed.
260 _aUK,
_bHodder&Stoughton;
_c2003.
300 _axiii,752p;
_bill,
_c26cm.
504 _aincludes references and index
650 _apsychology
_931
942 _2ddc
_cO_SHELF